[Event "16. Torneo Aficionados Benidorm s-2000"]
[Site "Benidorm ESP"]
[Date "2017.12.07"]
[Round "8.3"]
[White "Fraga Pons, Albert Borja"]
[Black "Lerendegui Lasa, Odei"]
[Result "1/2-1/2"]
[WhiteElo "1952"]
[BlackElo "1975"]
[PlyCount "70"]
[EventDate "2017.12.01"]
[EventType "swiss"]
[EventRounds "10"]
[EventCountry "ESP"]
[SourceTitle "Ajedrez en Madrid"]
[Source "lmi"]
[SourceDate "2017.12.01"]
[SourceVersion "1"]
[SourceVersionDate "2018.01.25"]
[SourceQuality "1"]

1. e4 c5 2. Nf3 Nc6 3. d4 cxd4 4. Nxd4 Nf6 5. Nc3 e5 6. Ndb5 d6 7. Bg5 a6 8.
Na3 b5 9. Bxf6 gxf6 10. Nd5 f5 11. Bxb5 axb5 12. Nxb5 Ra4 13. Nbc7+ Kd7 14. O-O
Rxe4 15. Qh5 Nd4 16. c3 Ne2+ 17. Kh1 Kc6 18. g3 Rg4 19. Rae1 Nf4 20. gxf4 Rh4
21. Qf3 e4 22. Qe3 Kd7 23. Rg1 Bh6 24. Rg3 Bxf4 25. Nxf4 Kxc7 26. Rd1 Bb7 27.
a4 Rg8 28. c4 Rgg4 29. Nd5+ Kb8 30. Rxg4 Rxg4 31. Rg1 Qh4 32. Rxg4 Qxg4 33. Qg3
Qd1+ 34. Kg2 Ka7 35. Qxd6 Qf3+ 1/2-1/2

[Event "16. Torneo Aficionados Benidorm s-2000"]
[Site "Benidorm ESP"]
[Date "2017.12.07"]
[Round "8.4"]
[White "Buitron Ramil, David"]
[Black "Cebolla Moll, Ricardo"]
[Result "1-0"]
[WhiteElo "1974"]
[BlackElo "1957"]
[PlyCount "85"]
[EventDate "2017.12.01"]
[EventType "swiss"]
[EventRounds "10"]
[EventCountry "ESP"]
[SourceTitle "Ajedrez en Madrid"]
[Source "lmi"]
[SourceDate "2017.12.01"]
[SourceVersion "1"]
[SourceVersionDate "2018.01.25"]
[SourceQuality "1"]

1. e4 d5 2. exd5 Qxd5 3. Nc3 Qd6 4. d4 Nf6 5. Nf3 c6 6. Ne5 Be6 7. Bf4 Qb4 8.
a3 Qa5 9. b4 Qd8 10. Na4 Nbd7 11. c4 Nxe5 12. Bxe5 b6 13. Be2 g6 14. d5 Bd7 15.
Bf3 Rc8 16. O-O Bg7 17. Nc3 cxd5 18. cxd5 O-O 19. Qd4 Ne8 20. Bxg7 Nxg7 21. Qd3
Nf5 22. g3 Nd6 23. Rfe1 Re8 24. h4 Qc7 25. Rac1 Qc4 26. Qd2 Qb3 27. h5 Rc7 28.
Kg2 Kg7 29. Rh1 Rh8 30. hxg6 fxg6 31. Qd4+ Kg8 32. Nb1 Rc2 33. Rxc2 Qxc2 34.
Re1 Nf5 35. Qe5 h6 36. Be4 Qc8 37. Bxf5 Bxf5 38. Qxe7 Rh7 39. Qe5 Rf7 40. Nd2
Bh3+ 41. Kg1 Qc2 42. Ne4 Qc8 43. Nd6 1-0

[Event "16. Torneo Aficionados Benidorm s-2000"]
[Site "Benidorm ESP"]
[Date "2017.12.07"]
[Round "8.5"]
[White "Fichtinger, Leopold"]
[Black "Estevez Jacome, Jose Ramon"]
[Result "0-1"]
[WhiteElo "1979"]
[BlackElo "1937"]
[PlyCount "72"]
[EventDate "2017.12.01"]
[EventType "swiss"]
[EventRounds "10"]
[EventCountry "ESP"]
[SourceTitle "Ajedrez en Madrid"]
[Source "lmi"]
[SourceDate "2017.12.01"]
[SourceVersion "1"]
[SourceVersionDate "2018.01.25"]
[SourceQuality "1"]

1. e4 d6 2. f4 g6 3. Nf3 Bg7 4. Bc4 e6 5. Nc3 Ne7 6. d4 d5 7. Bd3 dxe4 8. Bxe4
O-O 9. Be3 Nd5 10. Bxd5 exd5 11. Qd2 c6 12. O-O Nd7 13. f5 Nf6 14. fxg6 hxg6
15. Bh6 Bf5 16. Bxg7 Kxg7 17. Rf2 Re8 18. Nh4 Be6 19. Raf1 Ng4 20. Rf4 Qxh4 21.
h3 g5 22. R4f3 Nh6 23. Ne2 Ng8 24. Ng3 f6 25. Kh2 Re7 26. Qf2 Rf8 27. Re1 Bd7
28. Rf1 Nh6 29. Kg1 f5 30. Qd2 f4 31. Qb4 Rfe8 32. Nh1 Bc8 33. g3 fxg3 34. Qd6
Qxd4+ 35. Kg2 Re2+ 36. Kxg3 Qh4# 0-1

[Event "16. Torneo Aficionados Benidorm s-2000"]
[Site "Benidorm ESP"]
[Date "2017.12.07"]
[Round "8.6"]
[White "Vallbona Domingo, Joan"]
[Black "Gil Vega, Marcel"]
[Result "1-0"]
[WhiteElo "1918"]
[BlackElo "1978"]
[PlyCount "106"]
[EventDate "2017.12.01"]
[EventType "swiss"]
[EventRounds "10"]
[EventCountry "ESP"]
[SourceTitle "Ajedrez en Madrid"]
[Source "lmi"]
[SourceDate "2017.12.01"]
[SourceVersion "1"]
[SourceVersionDate "2018.01.25"]
[SourceQuality "1"]

1. c4 c6 2. Nf3 d5 3. e3 Nf6 4. Nc3 a6 5. Qc2 g6 6. b3 Bg7 7. Bb2 O-O 8. Be2 a5
9. O-O Na6 10. d3 Bg4 11. Rfd1 Nb4 12. Qd2 e6 13. h3 Bxf3 14. Bxf3 Nd7 15. a3
Na6 16. g3 Ndc5 17. Qc2 Qg5 18. d4 Nd7 19. h4 Qf5 20. Qe2 h5 21. e4 Qf6 22. Bc1
Qd8 23. e5 Qc7 24. Bg5 Nxe5 25. dxe5 Bxe5 26. Rac1 dxc4 27. Qxc4 Kg7 28. Kg2
Rae8 29. Ne2 Nb8 30. Rd3 Nd7 31. Rcd1 Nb6 32. Qc5 Nd5 33. Qc1 Kh7 34. Ng1 Bg7
35. Nh3 Qb6 36. Nf4 Nf6 37. Ne2 e5 38. Bxf6 Bxf6 39. Nc3 Rd8 40. Ne4 Bg7 41.
Ng5+ Kg8 42. Qc2 Rd4 43. Bxh5 c5 44. Be2 Rfd8 45. h5 Qf6 46. Ne4 Qf5 47. Rf3
Qxh5 48. Nxc5 Rxd1 49. Bxd1 Qg5 50. Ne4 Qe7 51. Be2 Qxa3 52. Qc7 Qf8 53. Rxf7
Re8 1-0

[Event "16. Torneo Aficionados Benidorm s-2000"]
[Site "Benidorm ESP"]
[Date "2017.12.07"]
[Round "8.7"]
[White "Prats Alonso, Oscar"]
[Black "Cuellar Gutierrez, Raul"]
[Result "1/2-1/2"]
[WhiteElo "1976"]
[BlackElo "1923"]
[PlyCount "82"]
[EventDate "2017.12.01"]
[EventType "swiss"]
[EventRounds "10"]
[EventCountry "ESP"]
[SourceTitle "Ajedrez en Madrid"]
[Source "lmi"]
[SourceDate "2017.12.01"]
[SourceVersion "1"]
[SourceVersionDate "2018.01.25"]
[SourceQuality "1"]

1. e4 e6 2. d4 d5 3. Nd2 dxe4 4. Nxe4 Nf6 5. Nxf6+ Qxf6 6. Nf3 h6 7. Bd3 Bd6 8.
O-O Nd7 9. b3 O-O 10. Bb2 e5 11. Qe2 exd4 12. Qe4 g6 13. Bxd4 Qf4 14. Rfe1 Qxe4
15. Rxe4 Nc5 16. Bxc5 Bxc5 17. Rae1 Kg7 18. b4 Bd6 19. a3 Bd7 20. c4 Rfe8 21.
c5 Bf8 22. h3 a5 23. Nd4 axb4 24. axb4 Rxe4 25. Bxe4 Ra4 26. Nc2 b6 27. cxb6
cxb6 28. Rb1 Be6 29. Bc6 Ra2 30. Be4 Be7 31. Kf1 Bc4+ 32. Kg1 f5 33. Ne3 fxe4
34. Nxc4 b5 35. Ne5 Bd6 36. Nc6 Ra4 37. Nd4 Rxb4 38. Rxb4 Bxb4 39. Nxb5 Kf6 40.
Nd4 Bc5 41. Nb3 Ba7 1/2-1/2

[Event "16. Torneo Aficionados Benidorm s-2000"]
[Site "Benidorm ESP"]
[Date "2017.12.07"]
[Round "8.8"]
[White "Lisarri Tomas, Antonio"]
[Black "Boerkamp, Harry"]
[Result "1-0"]
[WhiteElo "1959"]
[BlackElo "1905"]
[PlyCount "67"]
[EventDate "2017.12.01"]
[EventType "swiss"]
[EventRounds "10"]
[EventCountry "ESP"]
[SourceTitle "Ajedrez en Madrid"]
[Source "lmi"]
[SourceDate "2017.12.01"]
[SourceVersion "1"]
[SourceVersionDate "2018.01.25"]
[SourceQuality "1"]

1. c4 e5 2. Nc3 Nc6 3. g3 f5 4. Bg2 Nf6 5. d3 Bc5 6. e3 O-O 7. Nge2 Qe8 8. a3
a6 9. b4 Be7 10. Nd5 Bd8 11. Bb2 d6 12. O-O Nxd5 13. cxd5 Ne7 14. f4 Ng6 15.
Qd2 Bd7 16. Rae1 exf4 17. exf4 Qf7 18. Nd4 Kh8 19. Ne6 Rg8 20. h4 h6 21. Qe2
Nf8 22. Bf3 Kh7 23. Rf2 c6 24. Rh2 Bxe6 25. dxe6 Qe7 26. g4 Bb6+ 27. Kf1 Ng6
28. gxf5 Nxh4 29. Be4 g6 30. fxg6+ Nxg6 31. Qh5 Qf8 32. f5 d5 33. e7 Nf4 34.
exf8=N+ 1-0

[Event "16. Torneo Aficionados Benidorm s-2000"]
[Site "Benidorm ESP"]
[Date "2017.12.07"]
[Round "8.9"]
[White "Nazarov, Alexander"]
[Black "Garcia Martinez, Oscar"]
[Result "1-0"]
[WhiteElo "1931"]
[BlackElo "1838"]
[PlyCount "101"]
[EventDate "2017.12.01"]
[EventType "swiss"]
[EventRounds "10"]
[EventCountry "ESP"]
[SourceTitle "Ajedrez en Madrid"]
[Source "lmi"]
[SourceDate "2017.12.01"]
[SourceVersion "1"]
[SourceVersionDate "2018.01.25"]
[SourceQuality "1"]

1. Nf3 Nf6 2. d4 e6 3. c4 Bb4+ 4. Bd2 a5 5. Qc2 d5 6. e3 O-O 7. Bd3 dxc4 8.
Bxc4 Nbd7 9. a3 Bxd2+ 10. Nbxd2 Re8 11. O-O c6 12. Rfd1 Qe7 13. Rac1 h6 14. Ne5
Nf8 15. Nd3 N6d7 16. Nf3 Ng6 17. Qc3 b5 18. Ba2 Bb7 19. Nc5 Nxc5 20. Qxc5 Rac8
21. Qb6 a4 22. Qc5 Red8 23. Qxe7 Nxe7 24. Rc5 Rd6 25. Rdc1 Rcd8 26. h4 Kf8 27.
h5 Rc8 28. Ne5 f6 29. Nf3 Nd5 30. g3 Nb6 31. Nd2 Ke7 32. Ne4 Rdd8 33. R5c2 Nd7
34. Nc5 Nxc5 35. Rxc5 Rd6 36. f4 Rcd8 37. Kf2 R8d7 38. g4 Rd8 39. Kg3 Rf8 40.
f5 exf5 41. gxf5 Rfd8 42. Kf4 Kf8 43. Be6 Ke7 44. d5 Bc8 45. Rxc6 Bxe6 46. dxe6
Rxc6 47. Rxc6 Rb8 48. Rc7+ Kf8 49. Rf7+ Kg8 50. Ra7 Kf8 51. Ke4 1-0

[Event "16. Torneo Aficionados Benidorm s-2000"]
[Site "Benidorm ESP"]
[Date "2017.12.07"]
[Round "8.10"]
[White "Lomas Romero, Benat"]
[Black "Hall, Rachid"]
[Result "1-0"]
[WhiteElo "1853"]
[BlackElo "1926"]
[PlyCount "117"]
[EventDate "2017.12.01"]
[EventType "swiss"]
[EventRounds "10"]
[EventCountry "ESP"]
[SourceTitle "Ajedrez en Madrid"]
[Source "lmi"]
[SourceDate "2017.12.01"]
[SourceVersion "1"]
[SourceVersionDate "2018.01.25"]
[SourceQuality "1"]

1. c4 Nf6 2. Nc3 e5 3. g3 Bc5 4. Bg2 Nc6 5. e3 d6 6. Nge2 Be6 7. d4 exd4 8.
exd4 Bb6 9. d5 Ng4 10. O-O Nce5 11. dxe6 fxe6 12. Nd4 Qf6 13. Ne4 Qg6 14. h3
Nf6 15. Ng5 O-O-O 16. Ngxe6 Rde8 17. b4 Nxc4 18. a4 a6 19. a5 Ba7 20. Qf3 d5
21. Bf4 c6 22. Rac1 Ne4 23. Qg4 Qxg4 24. hxg4 g5 25. Bxe4 gxf4 26. Bf5 fxg3 27.
Nc5+ Kb8 28. Rfe1 gxf2+ 29. Kxf2 Bxc5 30. bxc5 Nxa5 31. Rxe8+ Rxe8 32. Rh1 Re7
33. Rxh7 Rxh7 34. Bxh7 Nc4 35. Nf3 d4 36. g5 Ne3 37. Nxd4 Nd5 38. g6 Kc7 39. g7
Nf6 40. Ke3 Kd7 41. g8=Q Nxg8 42. Bxg8 Kc7 43. Bc4 b5 44. Be6 a5 45. Kd3 Kb7
46. Bd7 b4 47. Bxc6+ Kc7 48. Kc4 Kd8 49. Kd5 Kc7 50. Kc4 Kd8 51. Kb5 Kc7 52.
Kxa5 b3 53. Be4 b2 54. Kb4 Kd7 55. Kb5 Kc7 56. Bb1 Kb7 57. Ne6 Kb8 58. Kc6 Kc8
59. Kd6 1-0

[Event "16. Torneo Aficionados Benidorm s-2000"]
[Site "Benidorm ESP"]
[Date "2017.12.07"]
[Round "8.11"]
[White "Denisik, Sergei"]
[Black "Rodriguez Rodriguez, Miguel"]
[Result "1-0"]
[WhiteElo "1890"]
[BlackElo "1998"]
[PlyCount "139"]
[EventDate "2017.12.01"]
[EventType "swiss"]
[EventRounds "10"]
[EventCountry "ESP"]
[SourceTitle "Ajedrez en Madrid"]
[Source "lmi"]
[SourceDate "2017.12.01"]
[SourceVersion "1"]
[SourceVersionDate "2018.01.25"]
[SourceQuality "1"]

1. e4 d5 2. exd5 Nf6 3. Nc3 Nxd5 4. Nxd5 Qxd5 5. d4 Nc6 6. Nf3 Bg4 7. Be2 e6 8.
Be3 Be7 9. O-O O-O 10. h3 Bh5 11. c4 Qd8 12. Qd2 Bf6 13. Rfd1 Bg6 14. Bd3 Qe7
15. Bxg6 hxg6 16. Rab1 Rfd8 17. b4 Ne5 18. Nxe5 Bxe5 19. Qe2 Bf6 20. Qf3 c6 21.
a4 Rac8 22. d5 cxd5 23. cxd5 b6 24. dxe6 Qxe6 25. Qb7 Qe7 26. Qxe7 Bxe7 27. b5
Kf8 28. a5 Ke8 29. Re1 bxa5 30. Bxa7 Rd7 31. b6 Rb7 32. Re4 Kf8 33. Rbe1 Bd6
34. Rh4 Kg8 35. Rhe4 Kf8 36. g4 Bc5 37. Rb1 Ra8 38. Rb5 Bb4 39. Rc4 Ke7 40. Rd5
Ke6 41. Rd1 Ke7 42. Rdc1 Raxa7 43. bxa7 Rxa7 44. Rc7+ Rxc7 45. Rxc7+ Ke6 46.
Ra7 g5 47. Kg2 Bd2 48. Kf3 Be1 49. Ke4 g6 50. Ra6+ Ke7 51. f3 Bd2 52. Kd5 Bb4
53. Rc6 Bd2 54. Ke5 Bf4+ 55. Ke4 Bd2 56. Kd3 Bb4 57. Rb6 Kd7 58. Rb5 f6 59. Rb6
Ke7 60. Ke4 Kf7 61. Kd5 Be7 62. Ra6 Bb4 63. Ra7+ Kg8 64. Ke6 Bc3 65. Rc7 Be5
66. Rc5 a4 67. Ra5 Bb2 68. Rxa4 Bc3 69. Ra7 Bd4 70. Rf7 1-0

[Event "16. Torneo Aficionados Benidorm s-2000"]
[Site "Benidorm ESP"]
[Date "2018.12.08"]
[Round "9.1"]
[White "Daugerts, Janis"]
[Black "Buitron Ramil, David"]
[Result "1/2-1/2"]
[WhiteElo "1940"]
[BlackElo "1974"]
[PlyCount "85"]
[EventDate "2017.12.01"]
[EventType "swiss"]
[EventRounds "10"]
[EventCountry "ESP"]
[SourceTitle "Ajedrez en Madrid"]
[Source "lmi"]
[SourceDate "2017.12.01"]
[SourceVersion "1"]
[SourceVersionDate "2018.01.25"]
[SourceQuality "1"]

1. e4 e6 2. d4 d5 3. Nd2 Nf6 4. e5 Nfd7 5. Bd3 c5 6. c3 Nc6 7. Ne2 g5 8. O-O
Be7 9. Kh1 Qb6 10. f4 h6 11. f5 exf5 12. Bxf5 cxd4 13. cxd4 Nxd4 14. Nxd4 Qxd4
15. e6 fxe6 16. Bxe6 Nf6 17. Qe2 Qb6 18. Rxf6 Bxf6 19. Bxc8+ Kf8 20. Bf5 Re8
21. Qf1 Kg7 22. Nb3 a5 23. Bd2 a4 24. Na5 Qxb2 25. Rd1 Rhf8 26. Qd3 Qxa2 27.
Bb4 Rg8 28. Bh7 Qe2 29. Bxg8 Qxd3 30. Rxd3 Kxg8 31. g3 d4 32. Ba3 b5 33. Nc6
Rc8 34. Na7 Rb8 35. Kg2 Rb7 36. Nc6 Rc7 37. Nb4 Rc4 38. Nd5 Kf7 39. Rf3 Rc6 40.
Nxf6 Rxf6 41. Rd3 Rc6 42. Kf3 Rc4 43. Ke4 1/2-1/2

[Event "16. Torneo Aficionados Benidorm s-2000"]
[Site "Benidorm ESP"]
[Date "2018.12.08"]
[Round "9.2"]
[White "Estevez Jacome, Jose Ramon"]
[Black "Ramon Gualberto, Arturo"]
[Result "1/2-1/2"]
[WhiteElo "1937"]
[BlackElo "1960"]
[PlyCount "70"]
[EventDate "2017.12.01"]
[EventType "swiss"]
[EventRounds "10"]
[EventCountry "ESP"]
[SourceTitle "Ajedrez en Madrid"]
[Source "lmi"]
[SourceDate "2017.12.01"]
[SourceVersion "1"]
[SourceVersionDate "2018.01.25"]
[SourceQuality "1"]

1. e4 c6 2. d4 d5 3. exd5 cxd5 4. c4 Nf6 5. Nc3 g6 6. Bg5 Bg7 7. cxd5 O-O 8.
Bc4 Nbd7 9. Nge2 Nb6 10. Bb3 Nbxd5 11. O-O b6 12. Re1 Bb7 13. Qd2 Rc8 14. Rad1
Re8 15. f3 Qc7 16. Ne4 Nxe4 17. fxe4 Nf6 18. Ng3 b5 19. e5 Nd5 20. Ne4 a5 21.
Rc1 Qb6 22. Nc5 a4 23. Bd1 Rc7 24. Bf3 Rec8 25. Bh4 h5 26. g4 hxg4 27. Bxg4 e6
28. Bg5 Bf8 29. Bf6 Nxf6 30. exf6 Rxc5 31. dxc5 Qc6 32. Qe2 Qh1+ 33. Kf2 Qg2+
34. Ke3 Qe4+ 35. Kf2 Qg2+ 1/2-1/2

[Event "16. Torneo Aficionados Benidorm s-2000"]
[Site "Benidorm ESP"]
[Date "2018.12.08"]
[Round "9.3"]
[White "Lerendegui Lasa, Odei"]
[Black "Garcia Serrano, Jose M"]
[Result "1-0"]
[WhiteElo "1975"]
[BlackElo "1891"]
[PlyCount "85"]
[EventDate "2017.12.01"]
[EventType "swiss"]
[EventRounds "10"]
[EventCountry "ESP"]
[SourceTitle "Ajedrez en Madrid"]
[Source "lmi"]
[SourceDate "2017.12.01"]
[SourceVersion "1"]
[SourceVersionDate "2018.01.25"]
[SourceQuality "1"]

1. e4 e5 2. Nf3 Nc6 3. Bc4 Nf6 4. Nc3 Bc5 5. d3 h6 6. Qe2 d6 7. Be3 Bb4 8. Bd2
a6 9. Nd5 Bc5 10. c3 Bg4 11. h3 Be6 12. b4 Ba7 13. Be3 Kf8 14. O-O g5 15. Nxg5
hxg5 16. Bxg5 Bxd5 17. exd5 Nb8 18. Kh2 Nbd7 19. f4 Rh5 20. Qxh5 Nxh5 21. Bxd8
Rxd8 22. fxe5 Nxe5 23. g4 Ng7 24. a4 Ke7 25. Rae1 Kd7 26. Rxe5 dxe5 27. Rxf7+
Kd6 28. Rxg7 Rf8 29. Rg6+ Kd7 30. Re6 c6 31. dxc6+ bxc6 32. Rh6 Rf2+ 33. Kg3
Be3 34. Rh7+ Kd6 35. Bxa6 Rc2 36. c4 Rc3 37. c5+ Ke6 38. Bc4+ Kf6 39. Kf3 Bf4
40. Rc7 Kg5 41. Rxc6 Ra3 42. a5 Ra1 43. a6 1-0

[Event "16. Torneo Aficionados Benidorm s-2000"]
[Site "Benidorm ESP"]
[Date "2018.12.08"]
[Round "9.4"]
[White "Nazarov, Alexander"]
[Black "Lisarri Tomas, Antonio"]
[Result "1-0"]
[WhiteElo "1931"]
[BlackElo "1959"]
[PlyCount "99"]
[EventDate "2017.12.01"]
[EventType "swiss"]
[EventRounds "10"]
[EventCountry "ESP"]
[SourceTitle "Ajedrez en Madrid"]
[Source "lmi"]
[SourceDate "2017.12.01"]
[SourceVersion "1"]
[SourceVersionDate "2018.01.25"]
[SourceQuality "1"]

1. e4 c5 2. f4 Nc6 3. Nf3 e6 4. d4 cxd4 5. Nxd4 Nxd4 6. Qxd4 Ne7 7. c4 Nc6 8.
Qf2 Be7 9. Nc3 O-O 10. Be3 Qa5 11. Rc1 b6 12. a3 Bc5 13. Bxc5 Qxc5 14. b4 Qxf2+
15. Kxf2 Bb7 16. Nb5 Rad8 17. Nd6 Ba8 18. c5 Ne7 19. Bb5 Bc6 20. Rhd1 Rb8 21.
Bd3 b5 22. a4 a6 23. axb5 Bxb5 24. Bxb5 axb5 25. Ra1 Nc6 26. Rab1 f5 27. Ke3 g6
28. h3 Kg7 29. g4 Kf6 30. gxf5 exf5 31. exf5 gxf5 32. Rd5 Ke6 33. Rd2 Rg8 34.
Kf3 Rg6 35. Re1+ Kf6 36. Ne8+ Kf7 37. Rxd7+ Kf8 38. Nd6 Nd4+ 39. Kf2 Ra8 40.
Rxh7 Kg8 41. Rd7 Ra2+ 42. Kf1 Ra8 43. Re8+ Rxe8 44. Nxe8 Ne6 45. c6 Nxf4 46. c7
Rc6 47. Rd8 Rc1+ 48. Kf2 Nxh3+ 49. Kg3 Rc3+ 50. Kh2 1-0

[Event "16. Torneo Aficionados Benidorm s-2000"]
[Site "Benidorm ESP"]
[Date "2018.12.08"]
[Round "9.5"]
[White "Vallbona Domingo, Joan"]
[Black "Fraga Pons, Albert Borja"]
[Result "0-1"]
[WhiteElo "1918"]
[BlackElo "1952"]
[PlyCount "124"]
[EventDate "2017.12.01"]
[EventType "swiss"]
[EventRounds "10"]
[EventCountry "ESP"]
[SourceTitle "Ajedrez en Madrid"]
[Source "lmi"]
[SourceDate "2017.12.01"]
[SourceVersion "1"]
[SourceVersionDate "2018.01.25"]
[SourceQuality "1"]

1. Nf3 Nf6 2. c4 e6 3. e3 b6 4. Nc3 Bb7 5. Be2 Be7 6. O-O O-O 7. Qc2 d5 8. b3
c5 9. d4 cxd4 10. Nxd4 dxc4 11. Bxc4 Nc6 12. Nxc6 Bxc6 13. Rd1 Qc7 14. Bb2 Ng4
15. g3 Ne5 16. Be2 Nf3+ 17. Kf1 Nxh2+ 18. Kg1 Nf3+ 19. Kf1 Bb7 20. Rac1 Rac8
21. Qd3 Qb8 22. e4 Ne5 23. Qe3 Ng6 24. Na4 Rfd8 25. Bf3 Rxc1 26. Rxc1 Ne5 27.
Be2 h6 28. Rc2 Qd6 29. Bc3 Ng6 30. Nb2 Bg5 31. f4 Be7 32. Nd3 Ba6 33. Rd2 Qc7
34. Rc2 Qd7 35. Rd2 Qb7 36. Kg2 Qc6 37. Nb4 Rxd2 38. Bxd2 Bxb4 39. Bxb4 Bxe2
40. Qxe2 f5 41. Kf2 Qxe4 42. Qxe4 fxe4 43. Ke3 Kf7 44. Kxe4 b5 45. Bc5 a6 46.
g4 Ne7 47. a4 bxa4 48. bxa4 Nd5 49. Bd4 Nf6+ 50. Kf3 Kg6 51. Bc3 Nd5 52. Bd4
Kf7 53. Ke4 Nf6+ 54. Kf3 g5 55. Be3 Nd5 56. fxg5 Nxe3 57. gxh6 Nd5 58. g5 a5
59. Ke4 Nc3+ 60. Ke5 Nxa4 61. h7 Kg7 62. Kxe6 Nc5+ 0-1

[Event "16. Torneo Aficionados Benidorm s-2000"]
[Site "Benidorm ESP"]
[Date "2018.12.08"]
[Round "9.6"]
[White "Castrillon Otero, Javier"]
[Black "Lomas Romero, Benat"]
[Result "1-0"]
[WhiteElo "1992"]
[BlackElo "1853"]
[PlyCount "109"]
[EventDate "2017.12.01"]
[EventType "swiss"]
[EventRounds "10"]
[EventCountry "ESP"]
[SourceTitle "Ajedrez en Madrid"]
[Source "lmi"]
[SourceDate "2017.12.01"]
[SourceVersion "1"]
[SourceVersionDate "2018.01.25"]
[SourceQuality "1"]

1. d4 d5 2. c4 e6 3. Nc3 Nf6 4. cxd5 exd5 5. Bg5 Nbd7 6. e3 Be7 7. Qc2 O-O 8.
Nf3 h6 9. Bh4 c6 10. Bd3 Nb6 11. O-O Re8 12. Bxf6 Bxf6 13. b4 a6 14. a4 Nc4 15.
b5 axb5 16. axb5 Bd7 17. bxc6 bxc6 18. Rxa8 Qxa8 19. Bxc4 dxc4 20. Ne4 Be7 21.
Qxc4 Bf5 22. Nc5 Bd6 23. Rc1 Qa3 24. Qc3 Qxc3 25. Rxc3 Rb8 26. Kf1 Rb1+ 27. Ke2
Rb2+ 28. Nd2 Kf8 29. Nd3 Bxd3+ 30. Kxd3 Bb4 31. Rc2 Rxc2 32. Kxc2 Ke7 33. Kd3
Kd7 34. e4 h5 35. Nc4 f6 36. f4 g6 37. Ne3 Bd6 38. g3 h4 39. Ng4 hxg3 40. hxg3
Be7 41. Ne3 Bd6 42. Ke2 Bb8 43. Kf3 Ba7 44. Nc2 Ke6 45. Ke3 Kd6 46. Kd3 f5 47.
e5+ Kd7 48. Ne3 Ke6 49. Ng2 c5 50. Nh4 g5 51. fxg5 cxd4 52. g6 Bc5 53. Nxf5 Bb4
54. Nxd4+ Ke7 55. Nc6+ 1-0

[Event "16. Torneo Aficionados Benidorm s-2000"]
[Site "Benidorm ESP"]
[Date "2018.12.08"]
[Round "9.7"]
[White "Cuellar Gutierrez, Raul"]
[Black "Perez Garcia, Jose Miguel"]
[Result "1/2-1/2"]
[WhiteElo "1923"]
[BlackElo "1959"]
[PlyCount "159"]
[EventDate "2017.12.01"]
[EventType "swiss"]
[EventRounds "10"]
[EventCountry "ESP"]
[SourceTitle "Ajedrez en Madrid"]
[Source "lmi"]
[SourceDate "2017.12.01"]
[SourceVersion "1"]
[SourceVersionDate "2018.01.25"]
[SourceQuality "1"]

1. d4 Nf6 2. c4 g6 3. g3 Bg7 4. Bg2 O-O 5. Nf3 d6 6. O-O c6 7. Nc3 Qa5 8. e4
Bg4 9. h3 Bxf3 10. Qxf3 Nfd7 11. Qd3 c5 12. Be3 Nc6 13. dxc5 Nxc5 14. Bxc5 Qxc5
15. b3 Qa5 16. Rac1 Rfc8 17. a4 Nd4 18. Nd5 Kf8 19. Rfd1 Rab8 20. Qe3 Nc6 21.
Kh2 Qc5 22. Qxc5 dxc5 23. f4 e6 24. Ne3 Bd4 25. Nc2 Rd8 26. e5 Bb2 27. Rb1 Rxd1
28. Rxd1 Rd8 29. Rxd8+ Nxd8 30. Be4 f6 31. exf6 Bxf6 32. Ne3 b6 33. h4 Nf7 34.
h5 Nd6 35. Bc2 Bd4 36. Ng2 gxh5 37. Bxh7 Kg7 38. Bc2 Bf2 39. Nh4 Kf6 40. Kg2
Be1 41. Kf3 Nb7 42. Ng2 Bc3 43. Ke4 Bd4 44. Ne1 Bf2 45. Nd3 Bxg3 46. Ne5 h4 47.
Kf3 Nd8 48. Be4 Be1 49. Kg4 Bd2 50. Nf3 Be3 51. Nxh4 Nf7 52. Nf3 Nh6+ 53. Kg3
Nf7 54. Kg4 Bd4 55. Bc2 Bc3 56. Kg3 Nh6 57. Kh3 Ng8 58. Kg4 Ne7 59. Ng5 Bb2 60.
Ne4+ Kf7 61. Nd6+ Kg7 62. f5 Be5 63. Nb7 exf5+ 64. Bxf5 Kf6 65. Be4 Bc7 66. a5
Ke5 67. axb6 axb6 68. Kf3 Ng8 69. Ke3 Nf6 70. Bf3 Ke6 71. Bc6 Ng4+ 72. Kd2 Ne5
73. Bd5+ Kd7 74. Kc3 Ng6 75. b4 Be5+ 76. Kb3 cxb4 77. Kxb4 Ne7 78. Bg2 Kc7 79.
c5 bxc5+ 80. Nxc5 1/2-1/2

[Event "16. Torneo Aficionados Benidorm s-2000"]
[Site "Benidorm ESP"]
[Date "2018.12.08"]
[Round "9.8"]
[White "Cebolla Moll, Ricardo"]
[Black "Esquerdo Nogueroles, Gaspar"]
[Result "0-1"]
[WhiteElo "1957"]
[BlackElo "1933"]
[PlyCount "56"]
[EventDate "2017.12.01"]
[EventType "swiss"]
[EventRounds "10"]
[EventCountry "ESP"]
[SourceTitle "Ajedrez en Madrid"]
[Source "lmi"]
[SourceDate "2017.12.01"]
[SourceVersion "1"]
[SourceVersionDate "2018.01.25"]
[SourceQuality "1"]

1. f4 d5 2. Nf3 Nf6 3. e3 g6 4. Be2 Bg7 5. O-O O-O 6. d3 c5 7. Ne5 Nfd7 8. d4
f6 9. Nf3 a6 10. Nc3 e6 11. Qe1 Nc6 12. a3 b5 13. Nd1 e5 14. c3 Qe7 15. b4 cxd4
16. cxd4 Nb6 17. Bb2 exf4 18. exf4 Bf5 19. Nc3 Rfe8 20. Qf2 Rac8 21. Rfe1 Qd6
22. Nh4 Be6 23. f5 Bf7 24. fxg6 hxg6 25. Bd3 f5 26. Ne2 Na4 27. Bc1 Nxd4 28.
Nxd4 Rxe1+ 0-1

[Event "16. Torneo Aficionados Benidorm s-2000"]
[Site "Benidorm ESP"]
[Date "2018.12.08"]
[Round "9.9"]
[White "Amellal, Sofiane Anis"]
[Black "Clot Chico, Arnau"]
[Result "0-1"]
[WhiteElo "1947"]
[BlackElo "1905"]
[PlyCount "80"]
[EventDate "2017.12.01"]
[EventType "swiss"]
[EventRounds "10"]
[EventCountry "ESP"]
[SourceTitle "Ajedrez en Madrid"]
[Source "lmi"]
[SourceDate "2017.12.01"]
[SourceVersion "1"]
[SourceVersionDate "2018.01.25"]
[SourceQuality "1"]

1. e4 c5 2. d3 d6 3. Nf3 Nc6 4. Nbd2 g6 5. c3 Bg7 6. Be2 e6 7. O-O Nge7 8. Re1
O-O 9. a4 a6 10. Nc4 d5 11. Ne3 d4 12. cxd4 Nxd4 13. Nxd4 Bxd4 14. Nc4 b6 15.
Qb3 Rb8 16. Bh6 Bg7 17. Bf4 Rb7 18. Bf3 Nc6 19. Nd6 Nd4 20. Nxb7 Qf6 21. Qxb6
Qxf4 22. e5 Bxe5 23. Rxe5 Nxf3+ 24. gxf3 Bxb7 25. Re4 Bxe4 26. fxe4 Qg4+ 27.
Kf1 Qf3 28. Re1 Qxd3+ 29. Kg2 Qc4 30. b3 Qc2 31. Re3 c4 32. Qxa6 cxb3 33. Re2
Qc7 34. Rb2 Qc3 35. Rb1 Qc2 36. Re1 Rb8 37. Re2 Qxe2 38. Qxe2 b2 39. a5 b1=Q
40. a6 Qb6 0-1

[Event "16. Torneo Aficionados Benidorm s-2000"]
[Site "Benidorm ESP"]
[Date "2018.12.08"]
[Round "9.10"]
[White "Garcia Gomez, Pedro"]
[Black "Vakulenko, Oleksandr"]
[Result "1-0"]
[WhiteElo "1795"]
[BlackElo "1943"]
[PlyCount "51"]
[EventDate "2017.12.01"]
[EventType "swiss"]
[EventRounds "10"]
[EventCountry "ESP"]
[SourceTitle "Ajedrez en Madrid"]
[Source "lmi"]
[SourceDate "2017.12.01"]
[SourceVersion "1"]
[SourceVersionDate "2018.01.25"]
[SourceQuality "1"]

1. e4 Nf6 2. e5 Nd5 3. d4 d6 4. Nf3 dxe5 5. Nxe5 c6 6. Bc4 Bf5 7. Nc3 e6 8.
Nxd5 exd5 9. Qf3 Be6 10. Bd3 Nd7 11. Bf4 Bb4+ 12. c3 Be7 13. O-O Bf6 14. Qh5 h6
15. Rae1 Nxe5 16. Bxe5 Bxe5 17. Rxe5 Qf6 18. Rfe1 Kd7 19. a4 g6 20. Qe2 Rhe8
21. a5 b5 22. a6 Re7 23. Bxb5 cxb5 24. Qxb5+ Kd8 25. Qc6 Rc7 26. Rxd5+ 1-0